Transformaciones globales Política, economía y cultura (Registro nro. 33890)

Detalles MARC
000 -ENCABEZADO
Número de control [NR] 01591nam a2200421Ia 4500
008 - DE LONGITUD FIJA DE DATOS DE ELEMENTOS - INFORMACIÓN GENERAL
Elementos de longitud fija [NR] 130821s2002 mx a gr spa
020 ## - NUMERO INTERNACIONAL NORMALIZADO PARA LIBROS [R]
Número Internacional Normalizado del libro [NR] 970613588X
040 ## - FUENTE DE CATALOGACION [NR]
Agencia de catalogación original [NR] Co-BoUCM
Idioma de catalogación [NR] spa
041 00 - CODIGO DE IDIOMA [R]
Código de idioma para texto/pista de sonido o título separado [R] Español
100 1# - ASIENTO PRINCIPAL--NOMBRE PERSONAL [NR]
Nombre personal [NR] Held, David
ID Autoridad 58461
245 10 - MENCION DE TITULO [NR]
Título [NR] Transformaciones globales Política, economía y cultura
Mención de responsabilidad, etc. [NR] David Held... [et. al]
260 ## - PUBLICACION, DISTRIBUCION, ETC. (PIE DE IMPRENTA) [R]
Lugar de publicación, distribución, etc. [R] México D.F. (México)
Nombre del editor, distribuidor, etc. [R] Oxford University
Fecha de publicación, distribución, etc. [R] 2002
300 ## - DESCRIPCION FISICA [R]
Extensión [R] lxviii, 648 páginas
Otros detalles físicos [NR] ilustraciones, cuadros, tablas
500 ## - NOTA GENERAL [R]
Nota general [NR] Ejemplar 3 Donación Dr. Guillermo Galán.
504 ## - NOTA DE BIBLIOGRAFIA, ETC. [R]
Nota de bibliografía, etc. [NR]
650 04 - ASIENTO SECUNDARIO DE MATERIA - TERMINO TEMATICO [R]
Término temático o nombre geográfico como elemento de entrada [NR] Comercio internacional
9 (RLIN) 11207
650 04 - ASIENTO SECUNDARIO DE MATERIA - TERMINO TEMATICO [R]
Término temático o nombre geográfico como elemento de entrada [NR] Comercio
9 (RLIN) 11192
650 04 - ASIENTO SECUNDARIO DE MATERIA - TERMINO TEMATICO [R]
Término temático o nombre geográfico como elemento de entrada [NR] Cooperación internacional
9 (RLIN) 11969
650 04 - ASIENTO SECUNDARIO DE MATERIA - TERMINO TEMATICO [R]
Término temático o nombre geográfico como elemento de entrada [NR] Economía internacional
9 (RLIN) 7543
650 04 - ASIENTO SECUNDARIO DE MATERIA - TERMINO TEMATICO [R]
Término temático o nombre geográfico como elemento de entrada [NR] Emigración e inmigración
9 (RLIN) 14050
650 04 - ASIENTO SECUNDARIO DE MATERIA - TERMINO TEMATICO [R]
Término temático o nombre geográfico como elemento de entrada [NR] Finanzas internacionales
9 (RLIN) 15897
650 04 - ASIENTO SECUNDARIO DE MATERIA - TERMINO TEMATICO [R]
Término temático o nombre geográfico como elemento de entrada [NR] Geopolítica
9 (RLIN) 215
650 04 - ASIENTO SECUNDARIO DE MATERIA - TERMINO TEMATICO [R]
Término temático o nombre geográfico como elemento de entrada [NR] Globalización
9 (RLIN) 216
650 04 - ASIENTO SECUNDARIO DE MATERIA - TERMINO TEMATICO [R]
Término temático o nombre geográfico como elemento de entrada [NR] Libre comercio
9 (RLIN) 18500
650 04 - ASIENTO SECUNDARIO DE MATERIA - TERMINO TEMATICO [R]
Término temático o nombre geográfico como elemento de entrada [NR] Organización internacional
9 (RLIN) 20857
650 04 - ASIENTO SECUNDARIO DE MATERIA - TERMINO TEMATICO [R]
Término temático o nombre geográfico como elemento de entrada [NR] Política internacional
9 (RLIN) 21990
650 04 - ASIENTO SECUNDARIO DE MATERIA - TERMINO TEMATICO [R]
Término temático o nombre geográfico como elemento de entrada [NR] Relaciones internacionales y cultura
9 (RLIN) 23459
650 04 - ASIENTO SECUNDARIO DE MATERIA - TERMINO TEMATICO [R]
Término temático o nombre geográfico como elemento de entrada [NR] Relaciones internacionales
9 (RLIN) 8042
650 04 - ASIENTO SECUNDARIO DE MATERIA - TERMINO TEMATICO [R]
Término temático o nombre geográfico como elemento de entrada [NR] Seguridad internacional
9 (RLIN) 24104
700 1# - ASIENTO SECUNDARIO - NOMBRE PERSONAL [R]
Nombre personal [NR] Goldblatt, David
9 (RLIN) 154389
700 1# - ASIENTO SECUNDARIO - NOMBRE PERSONAL [R]
Nombre personal [NR] McGrew, Anthony
9 (RLIN) 154390
700 1# - ASIENTO SECUNDARIO - NOMBRE PERSONAL [R]
Nombre personal [NR] Perraton, Jonathan
9 (RLIN) 154391
765 ## - ASIENTO DE IDIOMA ORIGINAL [R]
Título [NR] Global transformations
830 ## - ASIENTO SECUNDARIO DE SERIE--TITULO UNIFORME [R]
Título uniforme [NR] Bibliografía Básica Medio Universitario.
9 (RLIN) 29597
830 ## - ASIENTO SECUNDARIO DE SERIE--TITULO UNIFORME [R]
Título uniforme [NR] Bibliografía Básica Cátedra Rosarista.
9 (RLIN) 29598
942 ## - ELEMENTOS DE ENTRADA AGREGADOS (KOHA)
Tipo de ítem principal el descrito en 300a Libro
Tema principal Economía
Edición 1
Parte restante de la signatura top. H474t
Sistema de clasificación DEWEY
Clasificación 337
Existencias
Fecha de último préstamo Total préstamos Signatura topográfica Código de barras Última vez visto Ejemplar Price effective from Tipo de ítem Perdido Sistema de clasificación Dañado No prestable Tipo de ítem específico Suprimido Ubicación habitual Ubicación actual Localización Fecha de creación Forma de adquisición Costo Total Renewals
21/01/2020 8 337 H474t 100107968 04/12/2025 Ej.3 03/02/2013 Libro   DEWEY     Libro   Claustro Claustro Mezanine 28/02/2010 Donación 26000.00  
10/08/2019 26 337 H474t 100061929 04/12/2025 Ej.2 03/02/2013 Libro         Libro   Claustro Claustro Mezanine 28/02/2003 Compra 158000.00 13
26/08/2019 14 337 H474t 100061928 04/12/2025 Ej.1 03/02/2013 Libro de reserva   DEWEY     Libro de reserva   Claustro Claustro Mezanine 28/02/2003 Compra 158000.00